| 000 | 00405nam a2200157Ia 4500 | ||
|---|---|---|---|
| 008 | 230917s9999||||xx |||||||||||||| ||und|| | ||
| 040 |
_e210291 _aMAIN |
||
| 041 | _aEnglish | ||
| 082 | _a005.1 Q29S | ||
| 100 | _aQuarteroni, Alfio | ||
| 245 | 0 | _aScientific computing with MATLAB and octave | |
| 250 | _a2nd ed. | ||
| 260 |
_aNew Delhi _bSpringer(India) _c2010 |
||
| 300 | _axvi, 318p p. | ||
| 942 | _cBK | ||
| 999 |
_c175016 _d175016 |
||